| Registos Bibliográficos associados ao registo de autoridade |
|
Etiqueta de registo: 00000nkm 2200025 450 001 2281820 003 http://id.bnportugal.gov.pt/bib/catbnp/2281820 100 ## $a20260319d1981 m y0pory01030103ba 101 0# $apor 102 ## $aPT 200 1# $aVII Festival de Teatro de Évora, 1981, outubro-novembro$bVisual gráfico]$fS.O.I.R. Joaquim António D'Aguiar 210 #9 $aÉvora$cS.O.I.R. Joaquim António D'Aguiar,$d1981 215 ## $a1 cartaz$ccolor.$d50x35 cm 317 ## $aColeção Madeira Luís 317 ## $aColeção Madeira Luís$5PTBN: CT. 16701 V. 710 02 $aFestival de Teatro de Évora,$d7,$eÉvora$f1981$31992526 711 02 $aSociedade Operária de Instrução e Recreio Joaquim António de Aguiar$318329 801 #0 $aPT$bBN$gRPC 966 ## $lBN$mICONOG$sCT. 16700 V.$x3 966 ## $lBN$mICONOG$sCT. 16701 V.$x3 971 ## $cCaticonografia9$d20260319 995 ## $aPRR2026
|
|
|